00619nam a2200181 a 450000100100000000500170001000800410002702000180006804000250008608200150011124500540012626000400018030000280022070000500024804900090029895201130030799900170042000001313920240306073902.0091120s2004 dr a 000 0 spa d a9788482615661 aDO-SdBNPbspacBNPHU axxxxbC78600aCoquín 4 años /cObdulia García de Escobar. aSanto Domingo :bSantillana,c2004. a264 p. :bil. ;c21 cm.1 aGarcía Escobar, Obdulia deedir. ed.929220 aBNPD 0010718PDaPDbPDcCTd2009-11-20iLF1l0oxxxx C786p13139-10r2020-06-25w2020-06-25yLFPDZNo se presta c12781d12781